000 00741nam0a22002651 4500
001 RU\NLR\INFOCOMM17\ROSSICA\1000299399
005 20250613193350.0
035 _a(NLR Aleph) 009971133
090 _a9647927
_c9647927
100 _a20030905d1900 |||y0rusy50 ca
101 0 _afre
102 _aRU
105 _ay ||||000ay
200 1 _aHistoire sommaire du rucher de la société Imp.d'acclimatation à Ismailowo, près Moscou
_fMotchalkine, M.Th.
210 _aMoscou
_d1900
215 _d
700 1 _aMotchalkine
_bM.
_4070
801 1 _aRU
_bInfoComm
_c20030905
801 0 _aRU
_bNLR
_gPSBO
852 _aNLR
_j12.44.3.234
852 _aNLR
_bВЭО
_j132 3/49
942 _cBOOK
980 _aNB
980 _aRossica